Mesa cultural

Zapisane w:
Opis bibliograficzny
Korporacja: Instituto de Cooperación Iberoaméricana
Format: Texto
Wydane: Madrid: Huertas
Etykiety: Dodaj etykietę
Nie ma etykietki, Dołącz pierwszą etykiete!

MARC

LEADER 00000 a a2200000 04500
001 25461
003
040
090 |a 152524  
110 |a Instituto de Cooperación Iberoaméricana  
245 |a Mesa cultural  
260 |a Madrid:   |b Huertas  
300 |a 516 p.   |b il.  
999 |c 13833  |d 13833